Globalised Islam : (Record no. 2768)
[ view plain ]
| 000 -LEADER | |
|---|---|
| fixed length control field | 00949nac a22002651u 4500 |
| 008 - FIXED-LENGTH DATA ELEMENTS--GENERAL INFORMATION | |
| fixed length control field | 101007t xxu||||| |||| 00| 0 eng d |
| 010 ## - LIBRARY OF CONGRESS CONTROL NUMBER | |
| LC control number | 2004478048 |
| 020 ## - INTERNATIONAL STANDARD BOOK NUMBER | |
| International Standard Book Number | 1850655987 |
| 020 ## - INTERNATIONAL STANDARD BOOK NUMBER | |
| International Standard Book Number | 9781850655985 |
| 035 ## - SYSTEM CONTROL NUMBER | |
| System control number | (OCoLC)ocm48784132 |
| 082 00 - DEWEY DECIMAL CLASSIFICATION NUMBER | |
| Classification number | 297.272 |
| Item number | ROY |
| 100 ## - MAIN ENTRY--PERSONAL NAME | |
| Personal name | Roy, Olivier, |
| 9 (RLIN) | 20115 |
| 245 10 - TITLE STATEMENT | |
| Title | Globalised Islam : |
| Remainder of title | The Search for a New Ummah / |
| Statement of responsibility, etc | Olivier Roy. |
| 260 ## - PUBLICATION, DISTRIBUTION, ETC. (IMPRINT) | |
| Place of publication, distribution, etc | London : |
| Name of publisher, distributor, etc | C. Hurst, 2002 |
| Date of publication, distribution, etc | 2002. |
| 300 ## - PHYSICAL DESCRIPTION | |
| Extent | xi, 349 p. ; |
| Dimensions | 23 cm. |
| 500 ## - GENERAL NOTE | |
| General note | Includes index |
| 650 #0 - SUBJECT ADDED ENTRY--TOPICAL TERM | |
| Topical term or geographic name as entry element | Globalization |
| General subdivision | Religious aspects |
| -- | Islam. |
| 9 (RLIN) | 20116 |
| 650 #0 - SUBJECT ADDED ENTRY--TOPICAL TERM | |
| Topical term or geographic name as entry element | Islam and politics |
| Geographic subdivision | Islamic countries. |
| 9 (RLIN) | 20117 |
| 650 #0 - SUBJECT ADDED ENTRY--TOPICAL TERM | |
| Topical term or geographic name as entry element | Ummah (Islam) |
| Geographic subdivision | Islamic countries. |
| 9 (RLIN) | 20118 |
| 650 #0 - SUBJECT ADDED ENTRY--TOPICAL TERM | |
| Topical term or geographic name as entry element | Islamic fundamentalism |
| Geographic subdivision | Islamic countries. |
| 9 (RLIN) | 20119 |
| 650 #0 - SUBJECT ADDED ENTRY--TOPICAL TERM | |
| Topical term or geographic name as entry element | Islamic renewal |
| Geographic subdivision | Islamic countries. |
| 9 (RLIN) | 20120 |
| 651 #0 - SUBJECT ADDED ENTRY--GEOGRAPHIC NAME | |
| Geographic name | Islamic countries |
| General subdivision | Politics and government. |
| 9 (RLIN) | 20121 |
| 653 ## - INDEX TERM--UNCONTROLLED | |
| Resource For college | |
| Arrived date list | February2013 |
| 942 ## - ADDED ENTRY ELEMENTS (KOHA) | |
| Item type | Book - Borrowing |
| Call number prefix | 297.272ROY |
| Source of classification or shelving scheme | Dewey Decimal Classification |
| Withdrawn status | Item status | Source of classification or shelving scheme | Damaged status | Not for loan | Vendor | Home library | Current library | Shelving location | Date acquired | Source of acquisition | Cost, normal purchase price | Total Checkouts | Total Renewals | Full call number | Barcode | Date last seen | Cost, replacement price | Koha item type | Serial Enumeration / chronology | Date last borrowed |
|---|---|---|---|---|---|---|---|---|---|---|---|---|---|---|---|---|---|---|---|---|
| Dewey Decimal Classification | Central Library | Central Library | Lower Floor | 07/10/2010 | Purchase | 235.00 | 1 | 1 | 297.272 ROY | 000001521 | 15/07/2025 | 293.75 | Book - Borrowing | |||||||
| Dewey Decimal Classification | MERIC | Central Library | Central Library | Lower Floor | 03/02/2013 | Purchase | 235.00 | 1 | 297.272 ROY | 000027976 | 15/07/2025 | 293.75 | Book - Borrowing | 000263 | 09/03/2014 |